[Event "FSGM February 2017"]
[Site "masterchessopen.com Budapest HUN"]
[Date "2017.02.14"]
[Round "9.2"]
[White "Rodriguez Lopez,Ra"]
[Black "Havasi,Gergo"]
[Result "0-1"]
[WhiteElo "2277"]
[BlackElo "2353"]

1.e4 e5 2.Nf3 Nc6 3.Bb5 a6 4.Ba4 d6 5.c3 f5 6.exf5 Bxf5 7.O-O Bd3 8.Re1 Be7
9.Qb3 b5 10.Qd5 Qd7 11.Qxd3 bxa4 12.Qc2 Nf6 13.d3 O-O 14.Be3 d5 15.Qxa4 Nd4
16.Qxd7 Nxf3+ 17.gxf3 Nxd7 18.Nd2 Bd6 19.b4 Rf7 20.a3 Nf8 21.c4 d4 22.Bg5 Ng6
23.c5 Bf8 24.Nc4 Rf5 25.Bc1 Nh4 26.Re4 Nxf3+ 27.Kg2 Be7 28.Ra2 Raf8 29.Rae2
Bg5 30.Nd2 Nh4+ 31.Kf1 Ng6 32.Nb3 Bh4 33.Ke1 Bxf2+ 34.Kd1 Rh5 35.a4 Rxh2
36.Na5 Nf4 37.Bxf4 exf4 38.b5 axb5 39.axb5 f3 40.Ra2 Rh1+ 41.Kc2 Be1 {#R} 0-1

[Event "FSGM February 2017"]
[Site "masterchessopen.com Budapest HUN"]
[Date "2017.02.14"]
[Round "9.3"]
[White "Torma,R"]
[Black "Kosic,D"]
[Result "1-0"]
[WhiteElo "2492"]
[BlackElo "2486"]

1.d4 Nf6 2.c4 e6 3.g3 Bb4+ 4.Bd2 Bxd2+ 5.Qxd2 O-O 6.Bg2 d5 7.Nf3 Nbd7 8.O-O c6
9.Rc1 b6 10.cxd5 cxd5 11.Ne5 Bb7 12.Nc3 a6 13.Na4 Nxe5 14.dxe5 Nd7 15.Qd4 Rc8
16.Rxc8 Bxc8 17.Rc1 Bb7 18.f4 g6 19.a3 b5 20.Nc5 Nxc5 21.Rxc5 Qb8 22.h4 h5
23.Bf3 Rc8 24.Kf2 Rc7 25.Rxc7 Qxc7 26.Qa7 Qc8 27.Qb6 Kf8 28.Qd6+ Kg7 29.Qe7
Kg8 30.b4 Kg7 31.f5 exf5 32.e6 Bc6 33.Qxf7+ Kh6 34.e7 {#r} 1-0

[Event "FSIM February 2017"]
[Site "masterchessopen.com Budapest HUN"]
[Date "2017.02.14"]
[Round "9.1"]
[White "Lyell,M"]
[Black "Wu,Yang"]
[Result "0-1"]
[WhiteElo "2244"]
[BlackElo "2159"]

1.e4 g6 2.d4 Bg7 3.Nf3 d6 4.Bc4 e6 5.Bb3 Ne7 6.O-O b6 7.Re1 Bb7 8.c3 Nd7
9.Nbd2 Nf6 10.Bc2 Nh5 11.Nf1 e5 12.Be3 h6 13.N1d2 O-O 14.dxe5 dxe5 15.Nc4 Nc6
16.Nfd2 Nf6 17.Qf3 Qe7 18.Nf1 Nd8 19.Ng3 Nh7 20.Bb3 Ne6 21.a4 f5 22.Bc1 f4
23.Nf1 Kh8 24.Qd1 f3 25.g3 Nhg5 26.Bxg5 Nxg5 27.Nfd2 Rad8 28.Qc2 Qc5 29.Re3
Nh3+ 30.Kf1 Ba6 31.Ke1 h5 32.Ba2 Bh6 33.b4 Qe7 34.Rxf3 Rxd2 35.Rxf8+ Qxf8 {#R}
0-1

[Event "FSIM February 2017"]
[Site "masterchessopen.com Budapest HUN"]
[Date "2017.02.14"]
[Round "9.2"]
[White "Van Zyl-Rudd,Jack"]
[Black "Farkas,R"]
[Result "0-1"]
[WhiteElo "2041"]
[BlackElo "2310"]

1.d4 Nf6 2.c4 d6 3.Nf3 Nbd7 4.Nc3 g6 5.e4 e5 6.dxe5 dxe5 7.Be2 Bg7 8.O-O O-O
9.Qc2 c6 10.a3 a5 11.Rb1 Nc5 12.Rd1 Qc7 13.Be3 Ne6 14.h3 Nd7 15.b4 Re8 16.c5
axb4 17.axb4 Nf4 18.Bf1 Nf8 19.Na4 Be6 20.Nb6 Rad8 21.Nd2 Nd7 22.Nbc4 Bxc4
23.Nxc4 Ne6 24.Nd6 Re7 25.Ra1 Nd4 26.Qa2 b6 27.Bc4 Rf8 28.Qa7 Qxa7 29.Rxa7 Bf6
30.Bh6 Rd8 31.cxb6 Nxb6 32.Rxe7 Bxe7 33.Nxf7 Nf3+ {#R} 0-1

[Event "FSIM February 2017"]
[Site "masterchessopen.com Budapest HUN"]
[Date "2017.02.14"]
[Round "9.3"]
[White "Frolov,Artu"]
[Black "Cai,Chaoruo"]
[Result "1-0"]
[WhiteElo "2389"]
[BlackElo "2100"]

1.e4 e6 2.d4 d5 3.Nd2 Nf6 4.e5 Nfd7 5.Bd3 c5 6.c3 Nc6 7.Ne2 cxd4 8.cxd4 a5
9.O-O a4 10.f4 g6 11.Nf3 Nb6 12.g4 Be7 13.Ng3 Nc4 14.f5 Qb6 15.fxg6 hxg6
16.Bxc4 dxc4 17.Ne4 Bd7 18.Bg5 Bxg5 19.Nexg5 Ra5 20.Qd2 Nxe5 21.Nxe5 Rxe5
22.Nxf7 Re4 23.Rf4 Rxf4 24.Qxf4 O-O 25.Rf1 e5 26.Nh6+ Kh7 27.Qxf8 Qxd4+ 28.Rf2
Bc6 29.g5 Bd5 30.Qe7+ Kh8 31.Qd8+ Kh7 32.Qd7+ Kh8 33.Qg4 a3 34.bxa3 c3 35.h3
Bc4 36.Qc8+ Kh7 37.Qxb7+ Kh8 38.Qa8+ Kh7 39.Qa4 Bxa2 40.Qc2 Bd5 41.Ng4 Bf3
42.Nf6+ Kg7 43.Qb3 Kf8 44.Qb4+ Kf7 45.Qxd4 exd4 46.Rxf3 Ke6 47.Ne4 {#r} 1-0

[Event "FSIM February 2017"]
[Site "masterchessopen.com Budapest HUN"]
[Date "2017.02.14"]
[Round "9.4"]
[White "Ilincic,Z"]
[Black "Krstulovic,Alex"]
[Result "1-0"]
[WhiteElo "2390"]
[BlackElo "2294"]

1.d4 d5 2.g3 Nf6 3.Bg2 c6 4.Nf3 Bg4 5.O-O e6 6.Ne5 Bf5 7.f3 Be7 8.g4 Bg6 9.h4
Nbd7 10.Nxd7 Qxd7 11.h5 Bxh5 12.gxh5 Nxh5 13.f4 O-O-O 14.Nd2 Bd6 15.e3 Ng3
16.Rf3 Nf5 17.Nf1 h5 18.Rh3 g6 19.c3 Qe7 20.Bd2 Rdg8 21.Qe2 Kb8 22.Re1 Nh6
23.e4 dxe4 24.Qxe4 Ng4 25.c4 Nf6 26.Qf3 Qc7 27.b4 {#r} 1-0

[Event "7th Ferdowsi Open 2017"]
[Site "masterchessopen.com Mashhad IRI"]
[Date "2017.02.14"]
[Round "2.1"]
[White "Gabuzyan,H"]
[Black "Naderi,M.sadegh"]
[Result "1-0"]
[WhiteElo "2594"]
[BlackElo "2147"]

1.e4 c6 2.Nc3 d5 3.Nf3 Bg4 4.h3 Bh5 5.d4 e6 6.Bd3 Nf6 7.e5 Nfd7 8.g4 Bg6 9.h4
c5 10.dxc5 Bxc5 11.h5 Bxd3 12.cxd3 Nc6 13.d4 Bb4 14.Qd3 Bxc3+ 15.Qxc3 Qa5
16.Qxa5 Nxa5 17.b3 O-O 18.Ba3 Rfc8 19.Kd2 f6 20.h6 g6 21.Rhe1 fxe5 22.dxe5 Nc5
23.Ng5 Ncxb3+ 24.axb3 Nxb3+ 25.Kd3 Nxa1 26.Rxa1 Rc4 27.Nxe6 Re8 28.Nd4 Rxe5
29.Bb2 a6 30.Ra5 Rb4 31.Bc3 Rb1 32.Rc5 Re4 33.Rxd5 Rxg4 34.Rd7 b5 35.Rg7+ Kf8
36.Ne6+ Ke8 37.Rxh7 Rd1+ 38.Bd2 Rg2 39.Ke2 Rxd2+ 40.Kxd2 Rxf2+ 41.Ke3 Rh2
42.Kd4 b4 43.Kc5 b3 44.Rb7 b2 45.Kd6 Rd2+ 46.Ke5 {#r} 1-0

[Event "7th Ferdowsi Open 2017"]
[Site "masterchessopen.com Mashhad IRI"]
[Date "2017.02.14"]
[Round "2.2"]
[White "Gagunashvili,M"]
[Black "Rostami,R"]
[Result "1-0"]
[WhiteElo "2585"]
[BlackElo "2141"]

1.d4 Nf6 2.c4 g6 3.Nc3 Bg7 4.Nf3 O-O 5.Bg5 h6 6.Bh4 g5 7.Bg3 d6 8.e3 c5 9.Be2
Nh5 10.O-O Nxg3 11.hxg3 cxd4 12.exd4 Nc6 13.d5 Ne5 14.Qd2 Qb6 15.Rad1 Bd7
16.Nd4 Rac8 17.b3 Ng4 18.Na4 Qxd4 19.Qxd4 Bxd4 20.Rxd4 Nf6 21.Nc3 b5 22.a3
bxc4 23.Bxc4 Rc7 24.Re1 Re8 25.Rd2 Kf8 26.f3 a5 27.a4 Rec8 28.Rde2 e5 29.dxe6
fxe6 30.Nb5 Bxb5 31.axb5 d5 32.Bd3 Rc1 33.Rxe6 Rxe1+ 34.Rxe1 Rc3 35.Bf1 Rxb3
36.Ra1 d4 37.Rxa5 Nd5 38.Ra8+ Ke7 39.Ra7+ Kd6 40.Ra6+ Ke5 41.Bc4 Rb1+ 42.Kh2
Rb4 43.Rc6 Nc3 44.Re6+ Kf5 45.g4+ Kf4 46.Be2 {#r} 1-0

[Event "7th Ferdowsi Open 2017"]
[Site "masterchessopen.com Mashhad IRI"]
[Date "2017.02.14"]
[Round "2.3"]
[White "Idani,P"]
[Black "Ghorbaniyan,Saeed"]
[Result "1-0"]
[WhiteElo "2563"]
[BlackElo "2104"]

1.e4 c6 2.Nc3 d5 3.Nf3 dxe4 4.Nxe4 Nf6 5.Qe2 Nxe4 6.Qxe4 Nd7 7.Bc4 Nf6 8.Qe2
Bf5 9.Ne5 e6 10.d3 Bd6 11.Bd2 Qc7 12.f4 h5 13.g3 Bxe5 14.Qxe5 Qxe5+ 15.fxe5
Ng4 16.Bf4 h4 17.gxh4 Rxh4 18.O-O g5 19.Bg3 Rh5 20.Rae1 O-O-O 21.Rxf5 exf5
22.Bxf7 Rh6 23.e6 f4 24.e7 fxg3 25.Be6+ Rxe6 26.exd8=Q+ Kxd8 27.Rxe6 gxh2+
28.Kh1 Kd7 29.Re2 Kd6 30.Rg2 Ne3 31.Rxh2 Ke5 32.c3 b6 33.Kg1 Kf4 34.Rf2+ Kg3
35.d4 g4 36.b3 Nd1 37.Rd2 Ne3 38.c4 Nf5 39.d5 cxd5 40.cxd5 Nd6 41.Kf1 {#r} 1-0

[Event "7th Ferdowsi Open 2017"]
[Site "masterchessopen.com Mashhad IRI"]
[Date "2017.02.14"]
[Round "2.4"]
[White "Saberi,Mahan"]
[Black "Chigaev,M"]
[Result "0-1"]
[WhiteElo "2144"]
[BlackElo "2540"]

1.e4 c5 2.Nf3 e6 3.d4 cxd4 4.Nxd4 Nc6 5.Nc3 Qc7 6.g3 a6 7.Bg2 Nf6 8.O-O Nxd4
9.Qxd4 Bc5 10.Qd3 Ng4 11.Na4 Ba7 12.c4 Ne5 13.Qc3 d6 14.b3 Bd7 15.Nb2 O-O
16.Be3 Bxe3 17.Qxe3 Nc6 18.Qd2 e5 19.Nd1 Be6 20.Ne3 Rfd8 21.Rac1 Qb6 22.Rfd1
a5 23.Rc3 a4 24.Qb2 h6 25.Bf1 Qc5 26.a3 axb3 27.Rxb3 Rd7 28.Nc2 Na5 29.Rc3 Rc8
30.Qb4 Nc6 31.Qb2 Rdc7 32.Ne3 Nd4 33.Rdc1 Qc6 34.Bd3 Qa4 35.Kg2 Qd7 36.f4 Qc6
37.Kg1 Qc5 38.Qf2 f6 39.f5 Bf7 40.g4 b5 41.Kg2 b4 42.axb4 Qxb4 43.Kg3 Ra8
44.Qe1 Qc5 45.Rb1 Rca7 46.Nd5 Ra3 47.Rbc1 Rb8 48.Kg2 Rb2+ 49.Kh3 Rxh2+ 50.Kg3
Raa2 {#R} 0-1